[Event "Titled Tue 17th Jun Early"]
[Site "chess.com INT"]
[Date "2025.06.17"]
[Round "3"]
[White "Bulgak, Damir"]
[Black "Cahaya, Satria Duta"]
[Result "0-1"]
[WhiteTitle "CM"]
[BlackTitle "FM"]
[WhiteElo "2213"]
[BlackElo "2386"]
[WhiteFideId "13528882"]
[BlackFideId "7124252"]
[EventDate "2025.06.17"]

1. d4 Nf6 2. c4 e6 3. Nf3 b6 4. Nc3 Bb7 5. g3 Bb4 6. Bg2 O-O 7. Qc2 c5 8. O-O
cxd4 9. Nxd4 Bxg2 10. Kxg2 Qc7 11. Ncb5 Qb7+ 12. f3 Rc8 13. a3 Be7 14. Bf4 Nc6
15. Nxc6 Qxc6 16. Rac1 d5 17. Nd4 Qxc4 18. Qd2 Qa4 19. Rxc8+ Rxc8 20. Rc1 Rxc1
21. Qxc1 Bc5 22. e3 h6 23. b4 Bxd4 24. exd4 Qa6 25. Kf2 Qc4 26. Qd2 b5 27. Bd6
Nd7 28. Bc5 a5 29. bxa5 Nxc5 30. dxc5 Qxc5+ 31. Qe3 Qc2+ 32. Kg1 Qd1+ 33. Kf2 d4
34. Qe4 d3 35. a6 Qc2+ 36. Kg1 Qc5+ 37. Kg2 Qxa3 38. Qa8+ Kh7 39. a7 d2 40. Qe4+
f5 41. Qxe6 d1=Q 42. Qxf5+ Kg8 43. Qc8+ Kf7 44. a8=Q Qb2+ 45. Kh3 Qf1+ 46. Kh4
Qf6+ 47. Kg4 Qg5# 0-1

[Event "Titled Tue 17th Jun Early"]
[Site "chess.com INT"]
[Date "2025.06.17"]
[Round "3"]
[White "Jval Saurin Patel"]
[Black "Plat, Vojtech"]
[Result "0-1"]
[WhiteTitle "FM"]
[BlackTitle "GM"]
[WhiteElo "2331"]
[BlackElo "2497"]
[WhiteFideId "25968343"]
[BlackFideId "325740"]
[EventDate "2025.06.17"]

1. d4 Nf6 2. c4 g6 3. Nc3 d5 4. cxd5 Nxd5 5. e4 Nxc3 6. bxc3 Bg7 7. Nf3 c5 8.
Rb1 O-O 9. Be2 b6 10. Be3 Bb7 11. e5 Qc7 12. O-O Nc6 13. h4 Rfd8 14. Qa4 a6 15.
Qb3 b5 16. a4 b4 17. dxc5 a5 18. e6 f5 19. cxb4 Nxb4 20. Bg5 h6 21. Bd2 Bd5 22.
Bc4 Be4 23. Bxb4 axb4 24. Rbc1 Qxc5 25. Bb5 Bc3 26. Nh2 Bd5 27. Qc2 Bxe6 28. h5
g5 29. Rfe1 Bf7 30. Re2 e5 31. g4 e4 32. gxf5 Qxf5 33. Qxe4 Qxe4 34. Rxe4 Bxh5
35. Re6 Kg7 36. Rc6 Bf7 37. Rc7 Rac8 38. Ra7 Kg6 39. Ng4 Be6 40. Ne3 b3 41. Bd3+
Rxd3 0-1

[Event "Titled Tue 17th Jun Early"]
[Site "chess.com INT"]
[Date "2025.06.17"]
[Round "3"]
[White "Cuenca Jimenez, Jose Fernando"]
[Black "Altynbek, Aiaru"]
[Result "1-0"]
[WhiteTitle "GM"]
[BlackTitle "WFM"]
[WhiteElo "2487"]
[BlackElo "1977"]
[WhiteFideId "2255570"]
[BlackFideId "13752472"]
[EventDate "2025.06.17"]

1. d4 d5 2. Bf4 c5 3. e3 Nc6 4. Nf3 Nf6 5. Nbd2 e6 6. c3 Nh5 7. Bg5 f6 8. Bh4 g6
9. Bb5 cxd4 10. Nxd4 Bd7 11. O-O Bd6 12. Be2 Ng7 13. Bg3 Bxg3 14. hxg3 O-O 15.
N2f3 Qe7 16. c4 dxc4 17. Bxc4 Nxd4 18. Nxd4 Rac8 19. Qb3 a6 20. a4 Kh8 21. Rfc1
e5 22. Ne2 Bc6 23. Bd5 Bxd5 24. Qxd5 Qb4 25. Rxc8 Rxc8 26. Qd7 Rf8 27. Rc1 Qxb2
28. Rc7 Rg8 29. Nc3 b6 30. Nd5 Qb1+ 31. Kh2 Qf5 32. Qxf5 gxf5 33. Nxb6 Rb8 34.
a5 Kg8 35. Ra7 Ne6 36. Rxa6 Kf7 37. Ra8 Rxa8 38. Nxa8 Nc5 39. Nc7 Ke7 40. a6 Nd7
41. Nd5+ Kd6 42. a7 1-0

[Event "Titled Tue 17th Jun Early"]
[Site "chess.com INT"]
[Date "2025.06.17"]
[Round "3"]
[White "Tyukhanov, Alexey"]
[Black "Redor, Menandro"]
[Result "1-0"]
[WhiteTitle "CM"]
[WhiteElo "2218"]
[BlackElo "2021"]
[WhiteFideId "24149829"]
[BlackFideId "5222010"]
[EventDate "2025.06.17"]

1. e4 c6 2. d4 d5 3. exd5 cxd5 4. c3 Nc6 5. Bd3 Nf6 6. h3 e6 7. Nf3 Bd6 8. O-O
O-O 9. Re1 Bd7 10. Qe2 Rc8 11. Bg5 h6 12. Bh4 Be7 13. Nbd2 a6 14. a3 Na5 15. Ne5
Re8 16. Qf3 Bb5 17. Bc2 Nc4 18. Ndxc4 Bxc4 19. Rad1 Qb6 20. Rd2 Bb3 21. Bb1 Qd8
22. Bxf6 Bxf6 23. Qd3 Bxe5 24. Rxe5 Qf6 25. Qh7+ Kf8 26. Rde2 Ke7 27. R2e3 Rh8
28. Qd3 Bc4 29. Qd2 g5 30. Rf3 Qg7 31. Qe3 Kd7 32. Bc2 Rce8 33. Ba4+ b5 34. Bc2
f6 35. b3 fxe5 36. dxe5 Rhf8 37. Qa7+ 1-0

[Event "Titled Tue 17th Jun Early"]
[Site "chess.com INT"]
[Date "2025.06.17"]
[Round "3"]
[White "Ghosh, Chanchal Kumer"]
[Black "Villa, Ma. Elayza"]
[Result "0-1"]
[WhiteTitle "CM"]
[WhiteElo "2018"]
[BlackElo "1819"]
[WhiteFideId "10201858"]
[BlackFideId "5224292"]
[EventDate "2025.06.17"]

1. e4 e6 2. Nf3 d5 3. Nc3 Nf6 4. e5 Nfd7 5. d4 c5 6. Bg5 Qb6 7. dxc5 Bxc5 8. Qd2
Nc6 9. Bb5 a6 10. Bxc6 bxc6 11. O-O h6 12. Bf4 Bb4 13. a3 Be7 14. b4 Bb7 15. Ne2
c5 16. c3 cxb4 17. cxb4 Rc8 18. Rac1 O-O 19. Ng3 Rfd8 20. Nh5 Bf8 21. Rfe1 d4
22. Rxc8 Rxc8 23. Nxd4 Rd8 24. Qe3 Nb8 25. Nb3 Qc6 26. Qg3 Rd3 27. f3 Qc3 28.
Bxh6 g6 29. Bxf8 Kxf8 30. Nf4 Re3 31. Rf1 Qxb3 32. Qg5 Nc6 33. Qf6 Rxe5 34.
Nxg6+ Ke8 35. Nxe5 Nxe5 36. Qxe5 Bd5 37. Qb8+ Ke7 38. Qa7+ Kf6 39. Qxa6 Qe3+ 40.
Kh1 Qf4 0-1

[Event "Titled Tue 17th Jun Early"]
[Site "chess.com INT"]
[Date "2025.06.17"]
[Round "3"]
[White "Injac, Teodora"]
[Black "Perea Fruet, Lorenzo"]
[Result "1-0"]
[WhiteTitle "IM"]
[BlackTitle "FM"]
[WhiteElo "2457"]
[BlackElo "2393"]
[WhiteFideId "932400"]
[BlackFideId "24595870"]
[EventDate "2025.06.17"]

1. d4 b6 2. e4 Bb7 3. Bd3 e6 4. Nf3 Nf6 5. Qe2 d5 6. e5 Ne4 7. c3 a5 8. Nbd2
Nxd2 9. Bxd2 Ba6 10. h4 Bxd3 11. Qxd3 Be7 12. h5 h6 13. Rh3 Qc8 14. Rg3 Bf8 15.
O-O-O a4 16. a3 Nc6 17. Be3 Na5 18. Kb1 Qd7 19. Nd2 b5 20. f4 Nc4 21. Rf1 O-O-O
22. f5 Kb7 23. Rgf3 Be7 24. fxe6 fxe6 25. Rf7 Rdf8 26. Rxg7 Qe8 27. Rg6 Rxf1+
28. Nxf1 Qf7 29. Nd2 Nxe3 30. Qxe3 Qf5+ 31. Ka2 Bg5 32. Qe2 c6 33. Nf3 Bc1 34.
Qd1 Be3 35. Qe1 Bf4 36. Rf6 Qg4 37. Qh4 Qxh4 38. Nxh4 Bg5 39. Ng6 Re8 40. Rf7+
Kb6 41. Rf8 Rxf8 42. Nxf8 c5 43. Nxe6 cxd4 44. Nxg5 d3 45. Nf3 1-0

[Event "Titled Tue 17th Jun Early"]
[Site "chess.com INT"]
[Date "2025.06.17"]
[Round "3"]
[White "Ozen, Batuhan"]
[Black "Cieslak, Patryk"]
[Result "1-0"]
[WhiteTitle "CM"]
[BlackTitle "FM"]
[WhiteElo "2128"]
[BlackElo "2442"]
[WhiteFideId "6345123"]
[BlackFideId "21078882"]
[EventDate "2025.06.17"]

1. c4 Nc6 2. g3 d5 3. cxd5 Qxd5 4. Nf3 Nf6 5. Nc3 Qh5 6. h4 Bg4 7. Bg2 O-O-O 8.
d3 e5 9. Qa4 Bd7 10. Be3 a6 11. Qb3 Be6 12. Qa4 Bd7 13. Qb3 h6 14. Rc1 Be6 15.
Qa4 Bd7 16. Qb3 Be6 17. Qc2 Nd5 18. Nxd5 Bxd5 19. a3 f5 20. O-O g5 21. Nxe5 Bxg2
22. Kxg2 Rd6 23. hxg5 Qe8 24. Nxc6 Rxc6 25. Qa4 b5 26. Qh4 Be7 27. Qd4 hxg5 28.
Rh1 Rf8 29. Qd5 Rd6 30. Qa8+ Kd7 31. Qa7 Qa8+ 32. Qxa8 Rxa8 33. Rh7 Ke8 34. Rxc7
Bf8 35. Bc5 Re6 36. Bxf8 Rxe2 37. Bc5 1-0

[Event "Titled Tue 17th Jun Early"]
[Site "chess.com INT"]
[Date "2025.06.17"]
[Round "3"]
[White "Teterev, Vitaly"]
[Black "Buyankhishig, Batpelden"]
[Result "1-0"]
[WhiteTitle "GM"]
[BlackTitle "WFM"]
[WhiteElo "2248"]
[BlackElo "2015"]
[WhiteFideId "13501429"]
[BlackFideId "4923537"]
[EventDate "2025.06.17"]

1. e4 e5 2. Nf3 Nc6 3. Bb5 a6 4. Bxc6 dxc6 5. O-O f6 6. d4 exd4 7. Nxd4 c5 8.
Nb3 Qxd1 9. Rxd1 Bd6 10. Na5 b5 11. c4 Ne7 12. Nc3 Bd7 13. Be3 h5 14. Rac1 h4
15. f4 h3 16. g3 Nc6 17. Nb7 Nd4 18. Bxd4 cxd4 19. Nxd6+ cxd6 20. Rxd4 Ke7 21.
Nd5+ Kf7 22. Nb6 Rad8 23. Rxd6 Be6 24. c5 Bxa2 25. Ra1 Bb3 26. Rxa6 Rxd6 27.
cxd6 Rd8 28. d7 Be6 29. Ra7 Ke7 30. Rb7 Kd6 31. f5 Bf7 32. Nd5 Bxd5 33. exd5
Rxd7 34. Rxb5 Ke5 35. Kf2 Kxf5 36. d6+ Ke6 37. Rb6 Rxd6 38. Rxd6+ Kxd6 39. g4 g5
40. Ke3 Kd5 41. Kd3 Kc5 42. Ke4 1-0

[Event "Titled Tue 17th Jun Early"]
[Site "chess.com INT"]
[Date "2025.06.17"]
[Round "3"]
[White "Andreikin, Dmitry"]
[Black "Starozhilov, Leonid"]
[Result "1/2-1/2"]
[WhiteTitle "GM"]
[BlackTitle "FM"]
[WhiteElo "2695"]
[BlackElo "2240"]
[WhiteFideId "4158814"]
[BlackFideId "14106752"]
[EventDate "2025.06.17"]

1. c4 Nf6 2. Nc3 g6 3. e4 d6 4. d4 Bg7 5. h3 e5 6. dxe5 dxe5 7. Qxd8+ Kxd8 8.
Nf3 Nbd7 9. Be3 c6 10. c5 Ke7 11. Bc4 b5 12. Bb3 a5 13. a3 h6 14. O-O Rd8 15.
Rfd1 Bb7 16. Rd6 Ne8 17. Rd2 Nf8 18. Rad1 Rxd2 19. Rxd2 Ne6 20. g3 Rd8 21. Bxe6
Rxd2 22. Nxd2 Kxe6 23. a4 bxa4 24. Nc4 Ba6 25. Nxa5 Bb5 26. Nb7 Kd7 27. f3 Bf8
28. Kf2 f6 29. Ke1 h5 30. h4 Nc7 31. Nd6 Bxd6 32. cxd6 Kxd6 33. f4 Ne6 34. Kf2
Nf8 35. f5 gxf5 36. exf5 Kd7 37. Ne4 Nh7 38. Kf3 Ke7 39. Bc5+ Kf7 40. Nd6+ Kg7
41. Ke4 Nf8 42. Ne8+ Kf7 43. Nd6+ Kg7 44. Ba3 Nd7 45. Nc8 Bf1 46. Nd6 Bg2+ 47.
Ke3 Nb6 48. Ne8+ Kf7 49. Nd6+ Kg7 50. Ne8+ Kf7 51. Nd6+ Kg7 1/2-1/2

[Event "Titled Tue 17th Jun Early"]
[Site "chess.com INT"]
[Date "2025.06.17"]
[Round "3"]
[White "Oro, Faustino"]
[Black "Rahman, Masruri"]
[Result "1-0"]
[WhiteTitle "IM"]
[BlackTitle "FM"]
[WhiteElo "2465"]
[BlackElo "2407"]
[WhiteFideId "20000197"]
[BlackFideId "7101163"]
[EventDate "2025.06.17"]

1. d4 Nf6 2. c4 e6 3. Nf3 Bb4+ 4. Nbd2 Qe7 5. a3 Bxd2+ 6. Bxd2 d6 7. e3 O-O 8.
Be2 e5 9. O-O Bg4 10. h3 Bh5 11. b4 Nbd7 12. Bc3 Ne4 13. Bb2 Rfd8 14. Rc1 a5 15.
b5 a4 16. Re1 c6 17. Qc2 Bg6 18. Bd3 f5 19. c5 exd4 20. cxd6 Qxd6 21. Bxd4 c5
22. Ba1 Qe7 23. Red1 Bh5 24. Be2 Ndf6 25. b6 Kh8 26. Ne5 Bxe2 27. Qxe2 Rxd1+ 28.
Rxd1 Qe6 29. Qb5 Qb3 30. Qe2 Qxa3 31. f3 Ng3 32. Qd2 h6 33. Nf7+ Kg8 34. Bxf6
Kxf7 35. Qd7+ Kxf6 36. Rd6+ 1-0

[Event "Titled Tue 17th Jun Early"]
[Site "chess.com INT"]
[Date "2025.06.17"]
[Round "3"]
[White "Esipenko, Andrey"]
[Black "Sapocinic, Semion"]
[Result "1-0"]
[WhiteTitle "GM"]
[BlackTitle "FM"]
[WhiteElo "2689"]
[BlackElo "2296"]
[WhiteFideId "24175439"]
[BlackFideId "13908693"]
[EventDate "2025.06.17"]

1. d4 Nf6 2. Nf3 d5 3. g3 Nbd7 4. Bg2 Nb6 5. b3 Bf5 6. c4 e6 7. O-O h6 8. Nc3
Ne4 9. Bb2 Nxc3 10. Bxc3 Be4 11. e3 Be7 12. Qe2 O-O 13. Rfd1 c6 14. a4 a5 15.
Ne5 Bxg2 16. Kxg2 Nd7 17. Nf3 Nf6 18. Qc2 Ne4 19. Bb2 Bd6 20. Ne1 Re8 21. Nd3
Rc8 22. Rac1 Qe7 23. f3 Nf6 24. Qd2 Ra8 25. Rc2 Nd7 26. e4 dxe4 27. fxe4 e5 28.
c5 Bb8 29. d5 cxd5 30. exd5 e4 31. d6 Qg5 32. Nf4 Ba7 33. Nd5 e3 34. Qe2 Bxc5
35. Nc7 b6 36. Rc4 h5 37. Rf4 Rad8 38. Nxe8 Rxe8 39. h4 Qg6 40. Rd5 Re4 41. Rg5
Rxf4 42. Rxg6 Rf2+ 43. Qxf2 exf2 44. Rxg7+ Kf8 45. Rh7 Bxd6 46. Rxh5 Bc5 47. Rd5
Ke7 48. Rd2 Ke6 49. Bd4 Bxd4 50. Rxd4 Nc5 51. b4 axb4 52. Rxb4 Kd5 53. Rxb6 Nxa4
54. Rf6 Nc5 55. Rxf7 Nd3 56. Rxf2 Nxf2 57. Kxf2 1-0

[Event "Titled Tue 17th Jun Early"]
[Site "chess.com INT"]
[Date "2025.06.17"]
[Round "3"]
[White "Rustemov, Alexander"]
[Black "Asensio Ramos, Enrique Fernando"]
[Result "1-0"]
[WhiteTitle "GM"]
[BlackTitle "CM"]
[WhiteElo "2525"]
[BlackElo "2200"]
[WhiteFideId "4119002"]
[BlackFideId "2214172"]
[EventDate "2025.06.17"]

1. d4 d5 2. c4 e6 3. Nc3 h6 4. Nf3 Nf6 5. Bf4 Bd6 6. Bxd6 Qxd6 7. e3 O-O 8. cxd5
exd5 9. Qc2 a6 10. Bd3 Re8 11. O-O Nc6 12. a3 Bg4 13. Nd2 Rad8 14. b4 Ne7 15. a4
c6 16. b5 axb5 17. axb5 Ra8 18. bxc6 bxc6 19. h3 Bh5 20. Nb3 Bg6 21. Nc5 Reb8
22. Rfc1 Bxd3 23. Nxd3 Ng6 24. Ne2 Rxa1 25. Rxa1 Ne4 26. Rc1 Rb6 27. Nef4 Ne7
28. Nc5 f5 29. Ra1 Rb8 30. Nfd3 Ng6 31. Rc1 Rc8 32. f4 Nxc5 33. Qxc5 Qxc5 34.
Rxc5 Ne7 35. Ne5 g5 36. Ra5 Rc7 37. Kf2 Kg7 38. Kf3 Kf6 39. Ra6 Kg7 40. g4 fxg4+
41. hxg4 gxf4 42. exf4 Kf6 43. Kg3 Kg7 44. f5 Kf6 45. Kf4 Kg7 46. g5 hxg5+ 47.
Kxg5 Kf8 48. f6 Nc8 49. Rxc6 Rxc6 50. Nxc6 Nd6 51. Kf4 Kf7 52. Ke5 Ne8 53. Nd8+
Kg6 54. f7 Ng7 55. f8=Q 1-0

[Event "Titled Tue 17th Jun Early"]
[Site "chess.com INT"]
[Date "2025.06.17"]
[Round "3"]
[White "Cherepov, Alexej"]
[Black "Seder, Mohammed"]
[Result "0-1"]
[WhiteTitle "CM"]
[BlackTitle "FM"]
[WhiteElo "2083"]
[BlackElo "2075"]
[WhiteFideId "13503650"]
[BlackFideId "11505567"]
[EventDate "2025.06.17"]

1. d4 e6 2. c4 f5 3. g3 d5 4. Bg2 Nf6 5. Nh3 Bb4+ 6. Bd2 a5 7. O-O O-O 8. Qc2
Ne4 9. Nf4 c6 10. Nd3 Nxd2 11. Nxd2 Bd6 12. Nf3 Nd7 13. e3 Nf6 14. Nfe5 Ne4 15.
f3 Nf6 16. b3 Bd7 17. a3 Qe7 18. c5 Bc7 19. b4 Be8 20. Rfb1 axb4 21. axb4 Rxa1
22. Rxa1 Nd7 23. Ra7 Nxe5 24. Nxe5 Bxe5 25. dxe5 f4 26. exf4 d4 27. Bf1 Bg6 28.
Bd3 Bxd3 29. Qxd3 Rd8 30. Kg2 Qd7 31. h4 h6 32. h5 Qf7 33. Qg6 Qd7 34. Qd3 Qc7
35. Kf2 Qb8 36. Ra2 b6 37. Rc2 bxc5 38. bxc5 Qb1 39. Kg2 Rb8 40. Rd2 Qc1 41.
Qxd4 Rb3 42. Kh3 Qh1+ 43. Rh2 Qxf3 44. Rg2 Qxh5# 0-1

[Event "Titled Tue 17th Jun Early"]
[Site "chess.com INT"]
[Date "2025.06.17"]
[Round "3"]
[White "Sorokin, Aleksey"]
[Black "Gilfanov, Marat I"]
[Result "0-1"]
[WhiteTitle "GM"]
[BlackTitle "FM"]
[WhiteElo "2530"]
[BlackElo "2343"]
[WhiteFideId "24176460"]
[BlackFideId "34372164"]
[EventDate "2025.06.17"]

1. d4 d5 2. c4 e6 3. Nc3 c6 4. e4 Bb4 5. e5 c5 6. a3 Bxc3+ 7. bxc3 dxc4 8. Bxc4
Nc6 9. Nf3 Nge7 10. Bd3 cxd4 11. cxd4 Qd5 12. O-O b6 13. Re1 Bb7 14. a4 h6 15.
Ba3 O-O 16. Bd6 Rfe8 17. a5 Nxa5 18. Rb1 Nf5 19. Rb5 Qc6 20. d5 Qd7 21. dxe6
fxe6 22. Rb4 Rad8 23. Bxf5 exf5 24. Rf4 Be4 25. Nd2 Bd5 26. Qh5 Be6 27. Nf3 Nc6
28. Nh4 Qf7 29. Qxf7+ Kxf7 30. Nxf5 Bxf5 31. Rxf5+ Kg6 32. g4 Rxd6 33. h4 Rde6
34. f4 Nd4 35. Rh5 Nf3+ 36. Kf2 Nxe1 37. f5+ Kh7 38. fxe6 Nd3+ 39. Ke3 Nc5 40.
Rf5 Rxe6 41. Kd4 Kg8 42. Kd5 Re7 43. g5 Rf7 44. Rxf7 Kxf7 45. Kd6 hxg5 46. hxg5
a5 0-1

[Event "Titled Tue 17th Jun Early"]
[Site "chess.com INT"]
[Date "2025.06.17"]
[Round "3"]
[White "Mullodzhanov, Nathaniel"]
[Black "Grezels, Florian"]
[Result "1-0"]
[BlackTitle "FM"]
[WhiteElo "1927"]
[BlackElo "2306"]
[WhiteFideId "30961580"]
[BlackFideId "20696450"]
[EventDate "2025.06.17"]

1. e4 d6 2. d4 Nf6 3. Nc3 e5 4. Nf3 Nbd7 5. Bc4 Be7 6. O-O O-O 7. Bb3 c6 8. Re1
b5 9. a3 Bb7 10. dxe5 dxe5 11. Nh4 Nc5 12. Qf3 Nxb3 13. cxb3 Bc8 14. Nf5 Bxf5
15. Qxf5 Qc7 16. Bg5 Rfd8 17. Rac1 Qd6 18. Red1 Qe6 19. Qxe6 fxe6 20. b4 Kf7 21.
f3 a5 22. bxa5 Rxa5 23. Rxd8 Bxd8 24. Be3 Ke8 25. Na2 Kd7 26. Rd1+ Nd5 27. Bd2
Ra4 28. Bc3 Bc7 29. exd5 exd5 30. Bb4 Bb6+ 31. Kf1 Ke6 32. Rc1 Kd7 33. Ke2 Ra8
34. Bc5 Bxc5 35. Rxc5 Kd6 36. Rc1 c5 37. Rd1 d4 38. Nc3 Kc6 39. Ne4 c4 40. f4
Kd5 41. Nc3+ Kc5 42. Ne4+ Kd5 43. Kf3 exf4 44. Nc3+ Kc5 45. Ne2 d3 46. Nxf4 Rf8
47. Ke3 Re8+ 48. Kd2 Rf8 49. Ne6+ Kd5 50. Nxf8 Kd4 51. Re1 b4 52. axb4 c3+ 53.
bxc3+ Kc4 54. Re5 Kb3 55. Kxd3 1-0

[Event "Titled Tue 17th Jun Early"]
[Site "chess.com INT"]
[Date "2025.06.17"]
[Round "3"]
[White "Gunawardhana, Devindya Oshini"]
[Black "Akshit, Kumar J"]
[Result "1-0"]
[WhiteTitle "WIM"]
[BlackTitle "CM"]
[WhiteElo "2121"]
[BlackElo "2074"]
[WhiteFideId "29941482"]
[BlackFideId "25097431"]
[EventDate "2025.06.17"]

1. Nf3 d5 2. b3 Nf6 3. g3 c6 4. Bg2 Bg4 5. Bb2 Nbd7 6. d4 e6 7. O-O Bd6 8. c4
O-O 9. Nbd2 Qe7 10. Re1 Bf5 11. Nh4 Be4 12. f3 Bg6 13. Nxg6 hxg6 14. e4 dxe4 15.
fxe4 e5 16. d5 Bc5+ 17. Kh1 Rad8 18. Nf3 Ng4 19. Re2 Nf2+ 20. Rxf2 Bxf2 21. Qe2
Bc5 22. a3 a5 23. Bc3 Bxa3 24. Bd2 Bb4 25. Bg5 f6 26. Be3 Nc5 27. Nh4 Kh7 28.
Bh3 Nxe4 29. Nxg6 Kxg6 30. Qg4+ Kh7 31. Qxe4+ f5 32. Bxf5+ Kh8 33. Qg4 Qf6 34.
Rf1 Kg8 35. Bg5 1-0

[Event "Titled Tue 17th Jun Early"]
[Site "chess.com INT"]
[Date "2025.06.17"]
[Round "3"]
[White "Leiva, Gianmarco"]
[Black "Garcia Almaguer, Juan Manuel"]
[Result "1-0"]
[WhiteTitle "IM"]
[BlackTitle "CM"]
[WhiteElo "2387"]
[BlackElo "2142"]
[WhiteFideId "3804399"]
[BlackFideId "5110491"]
[EventDate "2025.06.17"]

1. e4 e5 2. Nf3 Nc6 3. Bb5 a6 4. Ba4 Nf6 5. O-O Be7 6. Re1 b5 7. Bb3 O-O 8. d3
Bb7 9. Nbd2 d6 10. c3 Nd7 11. Nf1 Nc5 12. Bc2 Ne6 13. d4 Nf4 14. Ng3 g6 15. Be3
Bg5 16. Qd2 Qe7 17. Nxg5 Qxg5 18. a4 f5 19. axb5 axb5 20. Rxa8 Bxa8 21. exf5 Ne7
22. dxe5 dxe5 23. f6 Qxf6 24. Ne4 Qe6 25. f3 h6 26. Nf2 g5 27. Ng4 h5 28. Bxf4
Rxf4 29. Rxe5 Qb6+ 30. Nf2 Qf6 31. Qd8+ Kf7 32. Bb3+ Rc4 33. Bxc4+ bxc4 34. Qxc7
g4 35. Ne4 Bxe4 36. Rxe4 Kg6 37. Qxe7 Qb6+ 38. Re3 gxf3 39. Qe6+ Qxe6 40. Rxe6+
Kf5 41. Rc6 1-0

[Event "Titled Tue 17th Jun Early"]
[Site "chess.com INT"]
[Date "2025.06.17"]
[Round "3"]
[White "Sailer, Mike"]
[Black "Dominguez, Ramiro"]
[Result "0-1"]
[BlackTitle "FM"]
[WhiteElo "2108"]
[BlackElo "2210"]
[WhiteFideId "2012901"]
[BlackFideId "4420055"]
[EventDate "2025.06.17"]

1. d4 Nf6 2. Nf3 e6 3. e3 d5 4. Bd3 Be7 5. O-O O-O 6. b3 b6 7. Bb2 Bb7 8. Nbd2
Nbd7 9. Ne5 Nxe5 10. dxe5 Ne4 11. f3 Nxd2 12. Qxd2 c5 13. f4 c4 14. Be2 Rc8 15.
Bd4 Bc5 16. c3 Bxd4 17. exd4 Qc7 18. b4 a5 19. a3 f5 20. exf6 Rxf6 21. Bg4 Rcf8
22. g3 Bc8 23. Rae1 h6 24. Re5 axb4 25. axb4 b5 26. Rfe1 Qf7 27. Qe3 Qg6 28.
Bxe6+ Bxe6 29. Rxe6 Kh7 30. Rxf6 Rxf6 31. Re2 Ra6 32. Kg2 Ra1 33. Qd2 Qh5 34.
Qc2+ Kg8 35. h3 Rc1 36. Qd2 Rxc3 37. Re8+ Qxe8 38. Qxc3 Qe4+ 39. Kh2 Qe2+ 40.
Kh1 Kf7 0-1

[Event "Titled Tue 17th Jun Early"]
[Site "chess.com INT"]
[Date "2025.06.17"]
[Round "3"]
[White "Mesquita, Eduardo Barbosa"]
[Black "Hoang, Thi Bao Tram"]
[Result "0-1"]
[BlackTitle "WGM"]
[WhiteElo "2014"]
[BlackElo "2163"]
[WhiteFideId "22757163"]
[BlackFideId "12401102"]
[EventDate "2025.06.17"]

1. e4 c5 2. Nf3 e6 3. d4 cxd4 4. Nxd4 Nf6 5. Nc3 Bb4 6. Bd3 d5 7. e5 Nfd7 8. f4
Nc6 9. Nb3 Nc5 10. a3 Nxd3+ 11. cxd3 Be7 12. O-O O-O 13. d4 a5 14. Be3 a4 15.
Nd2 Qa5 16. Qh5 b5 17. f5 exf5 18. Nxd5 Be6 19. Nf4 Nxd4 20. Bxd4 Qxd2 21. Bc3
Qe3+ 22. Kh1 Rad8 23. Rf3 Qe4 24. Re1 Qc2 25. Rh3 h6 26. Rg3 Bg5 27. Nh3 f4 28.
Rf3 Bd5 29. Rf2 Qf5 30. Qe2 Qxh3 31. Qf1 Qg4 32. h3 Qxh3+ 33. Kg1 Qg3 34. Ree2
f3 35. Rxf3 Bxf3 36. Qxf3 Rd1+ 37. Qf1 0-1

[Event "Titled Tue 17th Jun Early"]
[Site "chess.com INT"]
[Date "2025.06.17"]
[Round "3"]
[White "Akobian, Varuzhan"]
[Black "Olhovik, Andrei"]
[Result "1/2-1/2"]
[WhiteTitle "GM"]
[BlackTitle "FM"]
[WhiteElo "2551"]
[BlackElo "2282"]
[WhiteFideId "13300580"]
[BlackFideId "13507397"]
[EventDate "2025.06.17"]

1. d4 d5 2. c4 e6 3. Nc3 c5 4. cxd5 exd5 5. Nf3 Nc6 6. g3 Nf6 7. Bg2 Be7 8. O-O
O-O 9. Bg5 c4 10. Ne5 Be6 11. f4 h6 12. Bxf6 Bxf6 13. e3 Ne7 14. g4 Bxe5 15.
dxe5 f5 16. exf6 Rxf6 17. f5 Bf7 18. Qf3 Qb6 19. Qf2 Rd8 20. Rad1 Rfd6 21. Rd2
d4 22. exd4 Rxd4 23. Rxd4 Qxd4 24. Rd1 Qxf2+ 25. Kxf2 Rxd1 26. Nxd1 b5 27. Ke3
Bd5 28. Bxd5+ Nxd5+ 29. Kd4 Nf6 30. Ne3 g6 31. Kc5 a6 32. a3 Ne4+ 33. Kb6 c3 34.
bxc3 Nxc3 35. Kxa6 Nb1 36. Nc2 Nc3 37. fxg6 Kg7 38. Ka5 Kxg6 39. Kb4 Nb1 40. h4
h5 41. g5 Nd2 42. Kxb5 Nf3 43. a4 Nxh4 44. a5 Nf5 45. Kc6 h4 46. Ne1 h3 47. Nd3
h2 48. Nf2 Nd4+ 49. Kb6 Nf5 50. a6 Nd6 51. Kc6 Nc8 52. Kc7 Na7 53. Kb6 Nc8+ 54.
Kb7 Nd6+ 55. Kc6 Nc8 56. Kc7 Na7 57. Kb6 Nc8+ 58. Kb7 Nd6+ 59. Kc6 1/2-1/2

[Event "Titled Tue 17th Jun Early"]
[Site "chess.com INT"]
[Date "2025.06.17"]
[Round "3"]
[White "Kapra, Jerjis"]
[Black "Montano Vicente, Guadalupe"]
[Result "1-0"]
[WhiteElo "2055"]
[BlackElo "1938"]
[WhiteFideId "2640341"]
[BlackFideId "5181399"]
[EventDate "2025.06.17"]

1. e4 c5 2. Nc3 Nc6 3. Bb5 Nd4 4. Nf3 a6 5. Bd3 d6 6. Nxd4 cxd4 7. Ne2 Qb6 8. c3
dxc3 9. dxc3 g6 10. O-O Bg7 11. a4 Nf6 12. a5 Qc7 13. Be3 O-O 14. Bb6 Qc6 15.
Nd4 Qe8 16. Nc2 Bd7 17. Qe2 Bc6 18. Rfe1 Nd7 19. Bd4 e5 20. Be3 f5 21. f3 f4 22.
Bf2 g5 23. Bc4+ Kh8 24. Red1 Qe7 25. Nb4 Rac8 26. Rd2 Rf6 27. Rad1 Rg6 28. Nd5
Bxd5 29. Bxd5 Nf6 30. Bb3 Ne8 31. Ba4 h5 32. Kh1 g4 33. Rd3 g3 34. Bg1 Bf8 35.
h3 Nf6 36. Bb6 Nh7 37. R1d2 Ng5 38. Qd1 Qe6 39. Kg1 Nxh3+ 40. gxh3 Qxh3 41. Qf1
Qh4 42. Qg2 Qg5 43. Bd7 Ra8 44. Bh3 1-0

[Event "Titled Tue 17th Jun Early"]
[Site "chess.com INT"]
[Date "2025.06.17"]
[Round "3"]
[White "Germanovs, Georgijs"]
[Black "Mamedyarov, Shakhriyar"]
[Result "0-1"]
[WhiteTitle "CM"]
[BlackTitle "GM"]
[WhiteElo "2260"]
[BlackElo "2746"]
[WhiteFideId "11609710"]
[BlackFideId "13401319"]
[EventDate "2025.06.17"]

1. e4 d5 2. exd5 Qxd5 3. Nc3 Qa5 4. b4 Qxb4 5. Rb1 Qd6 6. d4 Nf6 7. Nb5 Qd8 8.
Nf3 a6 9. Nc3 e6 10. Bd3 c5 11. O-O Nbd7 12. Bg5 Be7 13. Qd2 cxd4 14. Nxd4 Nc5
15. Nf3 Nxd3 16. cxd3 O-O 17. Rfc1 b5 18. a4 bxa4 19. Nxa4 Bd7 20. Nb6 Rb8 21.
Ne5 Bb5 22. Nbc4 Ne4 23. Bxe7 Nxd2 24. Bxd8 Nxb1 25. Be7 Nc3 26. Rxc3 Bxc4 27.
Rc1 Rfe8 28. dxc4 Rxe7 29. Nc6 Reb7 30. Nxb8 Rxb8 31. f4 Kf8 32. Ra1 Rb6 33. Kf2
Ke7 34. Ke3 Rb3+ 35. Kd4 Rb2 36. g3 Rxh2 37. Rxa6 Rg2 38. Ra7+ Kf6 39. c5 Rxg3
40. c6 Rg1 41. Kc5 h5 42. c7 Rc1+ 43. Kd6 h4 44. Ra5 h3 45. Rh5 Rc3 46. Rxh3
Rxh3 47. c8=Q Rd3+ 48. Kc7 Rc3+ 49. Kd7 Rxc8 50. Kxc8 Kf5 0-1